北海道学生野球連盟出身の現役選手(2026) - Statistics

General Stats
  • This quiz has been taken 9 times
    8 since last reset
  • The average score is 4 of 6
Answer Stats
大学名 現所属 ポジション 選手名 % Correct
東農大オホーツク 中日 投手 伊藤茉央
100%
東農大オホーツク ソフトバンク 外野手 周東佑京
100%
苫小牧駒澤 日本ハム 投手 伊藤大海
100%
東農大オホーツク* 日本ハム 投手 玉井大翔
50%
東農大オホーツク ロッテ 投手 中村亮太
38%
東農大オホーツク 阪神 投手 神宮僚介
25%
No matching quizzes found
Score Distribution
Percent of People with Each Score
Percentile by Number Answered
Your Score History
You have not taken this quiz since the last reset